01585nam a2200265Ia 4500001000600000003000900006008004100015040001300056040001300069041001300082100002100095100002900116245005700145245005700202250001100259260001100270260001500281260004900296300005500345500077200400650002501172650003101197700003701228700005401265A9389IT-RoPAU130308s9999 xx 000 0 und d aIT-RoPAU cIT-RoPAU aITALIANO aChiarenza Franco gCodice Aut. SPICS: 33567 aGiornalismo e le sue regole (Il)-Un'etica da trovare bGiornalismo e le Sue regole (Il)-Un'Etica da Trovare a1a ed. aMILANO bEtas Libri c1992 [1° Ed.:1992 - Ed.Ling.Originale:1992] a"254 p. (prefazione: 8; testo: 246 [pagine: 0-0])" aNuova Struttura del Sistema dell'informazione Giornalistica. Comunicazionedi Massa. Sviluppo della Televisione e Nuovi Modelli d'informazione Stampata. Lavoro Giornalistico. Agenzie D'Informazione. Una professione in Equilibrio. Autonomia ed Etica. Strumenti di Autoregolamentazione. Una professione Tutelata. tutela della fonte e del Giornalista. federazione della Stampa.Tutela Previdenziale e Sanitaria. Contratto di Lavoro. Ordine dei Giornalisti. Etica e Garanzie della professione All'Estero: in Germania, Francia, Svezia, gran Bretagna, Stati Uniti. vecchie e nuove regole Giuridiche per Laprofessione. Diritto e Informazione. regole di Libertà. Pubblicità e Informazione. Responsabilità penale e Civile: Diritti della Persona. Riferimenti Bibliografici. aSAGGI DI GIORNALISMO eCodice materia Spics: 7061 aCorasaniti GiuseppeMancini Paolo gCodice Aut. SPICS: 29253Codice Aut. SPICS: 12117